| 000 | 00943nam a22002657a 4500 | ||
|---|---|---|---|
| 005 | 20170124105956.0 | ||
| 010 | _a813314 | ||
| 020 | _c00.00 | ||
| 035 | _a813314 | ||
| 037 | _bCen Lib/Ret | ||
| 040 |
_aDPL _bEN |
||
| 082 |
_a016.396 _bWOM |
||
| 245 |
_aWomen on the indian scene : _ccompiled by M.C. Usha, Rajni Saxena [and] Neera Mathur ; edited by Kalpana Dasgupta _b an annotated bibliography ; a project sponsored by the YWCA of India / |
||
| 260 |
_aNew Delhi _bAbhinav Publications _c1976 |
||
| 270 |
_a26-A, Mayapuri Phase-I _bNew Delhi _e110027 |
||
| 300 |
_axii,391p. _c22cm(Hb) |
||
| 500 | _aIncludes indexes. | ||
| 650 |
_aWomen -- India -- Bibliography. _915875 |
||
| 650 |
_aFemmes -- Inde -- Bibliographie. _915876 |
||
| 700 |
_aUsha, M.C. _914745 |
||
| 700 |
_aSaxena, Rajini _914746 |
||
| 700 |
_aMathur, Neera _914747 |
||
| 700 |
_a Dasgupta, Kalpana _914748 |
||
| 942 |
_2ddc _cEN _h016.396 _mWOM |
||
| 999 |
_c125550 _d125550 |
||